|
|
|
|
| LEADER |
00000nam0a2200000 4500 |
| 001 |
677985 |
| 005 |
20241228113135.0 |
| 090 |
|
|
|a 677985
|
| 100 |
|
|
|a 20241228d1979 k||y0rusy50 ca
|
| 101 |
0 |
|
|a rus
|
| 102 |
|
|
|a RU
|
| 105 |
|
|
|a a z 001yy
|
| 181 |
|
0 |
|a i
|b e
|
| 182 |
|
0 |
|a n
|
| 183 |
|
0 |
|a nc
|2 RDAcarrier
|
| 200 |
1 |
|
|a Органическая химия свободных радикалов
|e монография
|f Э. Г. Розанов, В. Д. Шолле
|
| 203 |
|
|
|a Текст
|b визуальный
|c непосредственный
|
| 210 |
|
|
|a Москва
|c Химия
|d 1979
|
| 215 |
|
|
|a 344 с.
|c ил.
|
| 283 |
|
|
|a volume
|2 RDAcarrier
|
| 320 |
|
|
|a Литература в конце глав
|
| 606 |
1 |
|
|a Радикалы свободные, органические
|x Химия
|9 87257
|
| 610 |
1 |
|
|a характеристика
|
| 610 |
1 |
|
|a углеводородные радикалы
|
| 610 |
1 |
|
|a ароксильные радикалы
|
| 610 |
1 |
|
|a нитроксильные радикалы
|
| 610 |
1 |
|
|a алкилидениминоксильные радикалы
|
| 610 |
1 |
|
|a аминильные радикалы
|
| 610 |
1 |
|
|a гидразильные радикалы
|
| 610 |
1 |
|
|a гидразидильные радикалы
|
| 610 |
1 |
|
|a монографии
|
| 675 |
|
|
|a 547.024
|v 4
|
| 700 |
|
1 |
|a Розанцев
|b Э. Г.
|g Эдуард Григорьевич
|
| 701 |
|
1 |
|a Шолле
|b В. Д.
|g Владимир Давидович
|
| 801 |
|
0 |
|a RU
|b 63413507
|c 20241228
|
| 830 |
|
|
|a Ретро2024Каталогизация Шило
|
| 850 |
|
|
|a 63413507
|
| 942 |
|
|
|c BK
|